The good husband of Zebra Drive / (Record no. 234648)
[ view plain ]
| 000 -LEADER | |
|---|---|
| fixed length control field | 01238cam a2200313 a 4500 |
| 001 - CONTROL NUMBER | |
| control field | 15344594 |
| 003 - CONTROL NUMBER IDENTIFIER | |
| control field | Nust |
| 005 - DATE AND TIME OF LATEST TRANSACTION | |
| control field | 20170329102210.0 |
| 008 - FIXED-LENGTH DATA ELEMENTS--GENERAL INFORMATION | |
| fixed length control field | 080626r20082007nyu 000 1 eng |
| 010 ## - LIBRARY OF CONGRESS CONTROL NUMBER | |
| LC control number | 2008274352 |
| 020 ## - INTERNATIONAL STANDARD BOOK NUMBER | |
| International Standard Book Number | 9780349117737 (pbk.) |
| 040 ## - CATALOGING SOURCE | |
| Original cataloging agency | DLC |
| Transcribing agency | DLC |
| Modifying agency | DLC |
| 043 ## - GEOGRAPHIC AREA CODE | |
| Geographic area code | f-bs--- |
| 050 00 - LIBRARY OF CONGRESS CALL NUMBER | |
| Classification number | PR6063.C326 |
| Item number | G66 2008 |
| 082 00 - DEWEY DECIMAL CLASSIFICATION NUMBER | |
| Classification number | 823.914 |
| Author Mark | SMI |
| 100 1# - MAIN ENTRY--PERSONAL NAME | |
| Personal name | McCall Smith, Alexander, |
| Dates associated with a name | 1948- |
| 245 14 - TITLE STATEMENT | |
| Title | The good husband of Zebra Drive / |
| Statement of responsibility, etc. | Alexander McCall Smith. |
| 250 ## - EDITION STATEMENT | |
| Edition statement | 1st Anchor Books ed. |
| 260 ## - PUBLICATION, DISTRIBUTION, ETC. | |
| Place of publication, distribution, etc. | New York : |
| Name of publisher, distributor, etc. | Anchor Books, |
| Date of publication, distribution, etc. | 2008. |
| 300 ## - PHYSICAL DESCRIPTION | |
| Extent | 213 p. ; |
| Dimensions | 21 cm. |
| 490 1# - SERIES STATEMENT | |
| Series statement | No. 1 Ladies' Detective Agency series |
| 600 10 - SUBJECT ADDED ENTRY--PERSONAL NAME | |
| Personal name | Ramotswe, Precious |
| Titles and other words associated with a name | (Fictitious character) |
| Form subdivision | Fiction. |
| 650 #0 - SUBJECT ADDED ENTRY--TOPICAL TERM | |
| Topical term or geographic name entry element | No. 1 Ladies' Detective Agency (Imaginary organization) |
| Form subdivision | Fiction. |
| 650 #0 - SUBJECT ADDED ENTRY--TOPICAL TERM | |
| Topical term or geographic name entry element | Women private investigators |
| Geographic subdivision | Botswana |
| Form subdivision | Fiction. |
| 651 #0 - SUBJECT ADDED ENTRY--GEOGRAPHIC NAME | |
| Geographic name | Botswana |
| Form subdivision | Fiction. |
| 655 #7 - INDEX TERM--GENRE/FORM | |
| Genre/form data or focus term | Mystery fiction. |
| Source of term | gsafd |
| 800 1# - SERIES ADDED ENTRY--PERSONAL NAME | |
| Personal name | McCall Smith, Alexander, |
| Dates associated with a name | 1948- |
| Title of a work | No. 1 Ladies Detective Agency series. |
| 906 ## - LOCAL DATA ELEMENT F, LDF (RLIN) | |
| a | 7 |
| b | cbc |
| c | origcop |
| d | 2 |
| e | ncip |
| f | 20 |
| g | y-gencatlg |
| 942 ## - ADDED ENTRY ELEMENTS (KOHA) | |
| Source of classification or shelving scheme | |
| Koha item type | Book |
| Withdrawn status | Lost status | Source of classification or shelving scheme | Damaged status | Not for loan | Collection code | Permanent Location | Current Location | Shelving location | Date acquired | Total Checkouts | Full call number | Barcode | Date last seen | Copy number | Price effective from | Koha item type |
|---|---|---|---|---|---|---|---|---|---|---|---|---|---|---|---|---|
| Central Library (CL) | Central Library (CL) | Fiction | 03/29/2017 | 823.914 SMI | CL977 | 03/29/2017 | 1 | 03/29/2017 | Book |
